| 000 | 00870nam a2200241 a 4500 | ||
|---|---|---|---|
| 005 | 20251023063914.0 | ||
| 008 | 010618s1998 r 000 0 eng d | ||
| 020 | _a8478692924 | ||
| 035 | _aUPN01000108564 | ||
| 049 | _aCG | ||
| 050 | 4 |
_aLB1029 P7 _bP4.2 |
|
| 245 | 0 | 0 |
_aPEC : _bproyecto educativo de Centro : educacion infantil y primaria / _ccoord. José Luis Galve Manzano, José Antonio Camacno Espinosa. |
| 260 |
_aMadrid, _bCEPE : _aIDEAS, _c1998. |
||
| 300 |
_a301 p. + _e1 disquete; 3 1/2 plg. |
||
| 440 | 0 |
_apropuestas curticulares ; _v3 |
|
| 500 | _a"De la teoria a la práctica" | ||
| 650 | 4 |
_aMétodo de proyectos en la enseñanza _94050 |
|
| 650 | 4 |
_aAdministración educativa _9498 |
|
| 650 | 4 |
_aEducación _zEspaña _96843 |
|
| 700 | 1 |
_aGalve Manzano, José Luis _ecoord. _928876 |
|
| 700 | 1 |
_aCamacho Espinosa, José Antonio, _ecoord. |
|
| 905 | _aLibro | ||
| 999 |
_c82476 _d82476 |
||